Glass' office gynecology / (Record no. 4117)
[ view plain ]
| 000 -LEADER | |
|---|---|
| fixed length control field | 00989cam a22002774a 4500 |
| 001 - CONTROL NUMBER | |
| control field | 14090539 |
| 005 - DATE AND TIME OF LATEST TRANSACTION | |
| control field | 20250222080858.0 |
| 008 - FIXED-LENGTH DATA ELEMENTS--GENERAL INFORMATION | |
| fixed length control field | 050825s2006 paua b 001 0 eng |
| 020 ## - INTERNATIONAL STANDARD BOOK NUMBER | |
| International Standard Book Number | 9780781742504 |
| 050 00 - LIBRARY OF CONGRESS CALL NUMBER | |
| Classification number | RG103.034 |
| Item number | 2006 |
| 082 00 - DEWEY DECIMAL CLASSIFICATION NUMBER | |
| Classification number | 618.1 |
| Edition information | 22 |
| 245 00 - TITLE STATEMENT | |
| Title | Glass' office gynecology / |
| Statement of responsibility, etc. | [edited by] Michèle G. Curtis, Shelley Overholt, Michael P. Hopkins. |
| 250 ## - EDITION STATEMENT | |
| Edition statement | 6th ed. |
| 260 ## - PUBLICATION, DISTRIBUTION, ETC. | |
| Place of publication, distribution, etc. | Philadelphia : |
| Name of publisher, distributor, etc. | Lippincott Williams & Wilkins, |
| Date of publication, distribution, etc. | 2006. |
| 300 ## - PHYSICAL DESCRIPTION | |
| Extent | xv, 682 p. : |
| Other physical details | ill. (some col.) ; |
| Dimensions | 27 cm. |
| 650 #0 - SUBJECT ADDED ENTRY--TOPICAL TERM | |
| Topical term or geographic name entry element | Gynecology. |
| 650 12 - SUBJECT ADDED ENTRY--TOPICAL TERM | |
| Topical term or geographic name entry element | Genital Diseases, Female. |
| 650 22 - SUBJECT ADDED ENTRY--TOPICAL TERM | |
| Topical term or geographic name entry element | Ambulatory Care. |
| 700 1# - ADDED ENTRY--PERSONAL NAME | |
| Personal name | Glass, Robert H., |
| Dates associated with a name | 1932- |
| 700 1# - ADDED ENTRY--PERSONAL NAME | |
| Personal name | Curtis, Michèle G. |
| 700 1# - ADDED ENTRY--PERSONAL NAME | |
| Personal name | Overholt, Shelley. |
| 700 1# - ADDED ENTRY--PERSONAL NAME | |
| Personal name | Hopkins, Michael P. |
| 856 41 - ELECTRONIC LOCATION AND ACCESS | |
| Materials specified | Table of contents |
| Uniform Resource Identifier | <a href="http://www.loc.gov/catdir/toc/ecip0518/2005024928.html">http://www.loc.gov/catdir/toc/ecip0518/2005024928.html</a> |
| 856 42 - ELECTRONIC LOCATION AND ACCESS | |
| Materials specified | Publisher description |
| Uniform Resource Identifier | <a href="http://www.loc.gov/catdir/enhancements/fy0712/2005024928-d.html">http://www.loc.gov/catdir/enhancements/fy0712/2005024928-d.html</a> |
| 942 ## - ADDED ENTRY ELEMENTS (KOHA) | |
| Source of classification or shelving scheme | Library of Congress Classification |
| Koha item type | Books |
| Edition | 6th ed. |
| Suppress in OPAC | No |
| 999 ## - | |
| -- | 4117 |
| -- | 4117 |
| Withdrawn status | Lost status | Source of classification or shelving scheme | Damaged status | Not for loan | Collection | Home library | Current library | Shelving location | Date acquired | Total checkouts | Full call number | Barcode | Date last seen | Copy number | Price effective from | Koha item type |
|---|---|---|---|---|---|---|---|---|---|---|---|---|---|---|---|---|
| Library of Congress Classification | Non-fiction | Science Library (Miotso) | Science Library (Miotso) | General stacks | 02/22/2025 | RG103.034 CUR | SLM00003623 | 02/22/2025 | 1 | 02/22/2025 | Books | |||||
| Library of Congress Classification | Non-fiction | Science Library (Miotso) | Science Library (Miotso) | General stacks | 02/22/2025 | RG103.034 CUR | SLM00003624 | 02/22/2025 | 2 | 02/22/2025 | Books | |||||
| Library of Congress Classification | Non-fiction | Science Library (Miotso) | Science Library (Miotso) | General stacks | 02/22/2025 | RG103.034 CUR | SLM00003625 | 02/22/2025 | 3 | 02/22/2025 | Books | |||||
| Library of Congress Classification | Non-fiction | Science Library (Miotso) | Science Library (Miotso) | General stacks | 02/22/2025 | RG103.034 CUR | SLM00003626 | 02/22/2025 | 4 | 02/22/2025 | Books | |||||
| Library of Congress Classification | Non-fiction | Science Library (Miotso) | Science Library (Miotso) | General stacks | 02/22/2025 | RG103.034 CUR | SLM00003627 | 02/22/2025 | 5 | 02/22/2025 | Books |